[Event "2.ligaD04/05-6"]
[Site "?"]
[Date "2005.01.16"]
[Round "6"]
[White "Handl, Martin"]
[Black "Komprda, Pavel"]
[Result "0-1"]
[WhiteElo "2057"]
[BlackElo "2090"]
[PlyCount "136"]
[EventDate "2005.??.??"]

1. e4 c5 2. Nf3 d6 3. d4 cxd4 4. Nxd4 Nf6 5. Nc3 a6 6. Bc4 e6 7. Bb3 Be7 8. O-O
O-O 9. Be3 Qc7 10. f4 b5 11. a3 Nc6 12. Qf3 Na5 13. g4 Nxb3 14. cxb3 Bb7 15. g5
Nd7 16. Rac1 Qd8 17. Qh5 g6 18. Qh6 Re8 19. f5 exf5 20. exf5 Bf8 21. Qh3 Ne5
22. Rce1 Qd7 23. Qg3 Rac8 24. Bf4 Ba8 25. Ne4 Bg7 26. Nf6+ Bxf6 27. gxf6 Qb7
28. Bxe5 dxe5 29. fxg6 hxg6 30. Nf3 Qb6+ 31. Qf2 Qxf6 32. Nxe5 Qxf2+ 33. Rxf2
Rc5 34. Rfe2 Kg7 35. Nd3 Rg5+ 36. Kf1 Rd8 37. Nb4 a5 38. Nc2 Rd3 39. Re3 Rd2
40. R3e2 Rd6 41. Rf2 Bd5 42. Re3 Be6 43. Ke1 Rgd5 44. Kf1 Rd1+ 45. Kg2 Bd5+ 46.
Kh3 Rg1 47. Rg3 Be6+ 48. Kh4 Rdd1 49. Rxg1 Rxg1 50. Ne3 g5+ 51. Kh5 f6 52. Nf5+
Kh7 53. Ng3 Kg7 54. Nf5+ Bxf5 55. Rxf5 Rg2 56. Rxb5 Rxh2+ 57. Kg4 Rxb2 58. Rxa5
Rxb3 59. Ra8 Rc3 60. a4 Rc4+ 61. Kf5 Rf4+ 62. Ke6 g4 63. Ra7+ Kg6 64. Ra8 Re4+
65. Kd5 Kf5 66. a5 g3 67. a6 g2 68. Rg8 Rg4 {(2.43-2.02)} 0-1

[Event "2.ligaD04/05-6"]
[Site "?"]
[Date "2005.01.16"]
[Round "6"]
[White "Kubicek, Pavel"]
[Black "Rak, Peter"]
[Result "1/2-1/2"]
[WhiteElo "1891"]
[BlackElo "1940"]
[PlyCount "114"]
[EventDate "2005.??.??"]

1. e4 e5 2. Nf3 Nc6 3. d4 exd4 4. Bc4 Bc5 5. c3 d3 6. Qxd3 Nge7 7. Bxf7+ Kxf7
8. Qc4+ d5 9. Ng5+ Ke8 10. Qxc5 h6 11. exd5 Qxd5 12. Qxd5 Nxd5 13. Ne4 Ne5 14.
O-O Nd3 15. Na3 Bf5 16. Ng3 Bg6 17. c4 Nxc1 18. Raxc1 Nb4 19. Nb5 Kd7 20. a3
Nd3 21. Rcd1 c6 22. Nc3 Kc7 23. Rd2 Rad8 24. f4 a5 25. b3 Rhe8 26. f5 Bf7 27.
Nce4 a4 28. Rfd1 Nb2 29. Rxd8 Rxd8 30. Rxd8 Kxd8 31. Nd6 Ke7 32. Nxb7 axb3 33.
Na5 Nxc4 34. Nxb3 Nxa3 35. Nc5 {(R)} 35... Kd6 36. Nd3 Kd5 37. Kf2 Nc2 38. Kf3
c5 39. Kf4 Nd4 40. Ne5 Be8 41. Ng4 Nc2 42. f6 g5+ 43. Kf3 h5 44. Nh6 Nd4+ 45.
Ke3 Ke6 46. Ne4 Nc6 47. f7 Bxf7 48. Nxg5+ Kf6 49. Ngxf7 Kg6 50. Kd3 Nd4 51. Kc4
h4 52. Kxc5 Ne6+ 53. Kd6 Nf4 54. g3 hxg3 55. hxg3 Nh5 56. g4 Nf6 57. Ke7 Nxg4 {
(2.55-2.30)} 1/2-1/2

[Event "2.ligaD04/05-6"]
[Site "?"]
[Date "2005.??.??"]
[Round "?"]
[White "Vyskocil, Neklan"]
[Black "Kanovsky, David"]
[Result "1-0"]
[WhiteElo "2327"]
[BlackElo "2386"]
[PlyCount "123"]
[EventDate "2005.??.??"]

1. e4 e6 2. d4 d5 3. Nc3 Bb4 4. e5 c5 5. a3 Bxc3+ 6. bxc3 Ne7 7. Nf3 Nbc6 8. a4
Qa5 9. Bd2 Bd7 10. Bb5 c4 11. O-O Nb8 12. Qb1 Qc7 13. Bc1 O-O 14. Bxd7 Nxd7 15.
Ba3 Rfe8 16. Nh4 Ng6 17. Nxg6 hxg6 18. f4 f6 19. Bd6 Qc6 20. Qb4 b6 21. a5 Kf7
22. Ra2 Rec8 23. Rfa1 Kg8 24. Ra3 Kf7 25. Qb2 Kg8 26. Qa2 b5 27. a6 Nb6 28. Ra5
Na4 29. Qa3 Qe8 30. Rb1 g5 31. Raxb5 Nb6 32. exf6 gxf6 33. fxg5 fxg5 34. Qc1
Qg6 35. Qe3 Rc6 36. Be7 g4 37. Rf1 Re8 38. Bh4 Rf8 39. Rbb1 Rxf1+ 40. Rxf1 Nd7
41. Qg3 Rxa6 42. Qc7 Qe8 43. Qg3 Qg6 44. h3 e5 45. dxe5 gxh3 46. Qxh3 Nxe5 47.
Qc8+ Kh7 48. Qb7+ Kh6 49. Qxd5 Ng4 50. Qxc4 Re6 51. Bg3 Re4 52. Bf4+ Kh5 53.
Qd5+ Kh4 54. Qd8+ Nf6 55. Be5 Rxe5 56. Rxf6 Qg5 57. Qh8+ Qh5 58. Rh6 Kg3 59.
Qg8+ Qg5 60. Rh3+ Kf4 61. Qc4+ Kf5 62. Qf7+ 1-0

[Event "2.ligaD04/05-6"]
[Site "?"]
[Date "2005.??.??"]
[Round "?"]
[White "Krcmar, Zdenek"]
[Black "Lacko, Jan"]
[Result "1-0"]
[WhiteElo "2289"]
[BlackElo "2231"]
[PlyCount "61"]
[EventDate "2005.??.??"]

1. e4 c5 2. Nf3 d6 3. d4 cxd4 4. Nxd4 Nf6 5. Nc3 a6 6. g3 e6 7. Bg2 Be7 8. O-O
O-O 9. h3 Qc7 10. Be3 Nc6 11. Nxc6 bxc6 12. Na4 Rb8 13. c4 c5 14. b3 Bb7 15.
Qc2 Bc6 16. Nc3 Qb7 17. Rad1 a5 18. Rd2 Qa8 19. Bf4 Ne8 20. f3 a4 21. Rb1 Rb4
22. Bf1 f5 23. exf5 Rxf5 24. Bd3 Rh5 25. Rh2 Bxf3 26. Nxa4 Bf6 27. Re1 Bd4+ 28.
Kf1 e5 29. g4 Rh4 30. Bg5 e4 31. Bxe4 1-0

[Event "2.ligaD04/05-6"]
[Site "?"]
[Date "2005.??.??"]
[Round "?"]
[White "Bures, Vit"]
[Black "Belohlavek, Petr"]
[Result "1-0"]
[WhiteElo "2208"]
[BlackElo "2204"]
[PlyCount "61"]
[EventDate "2005.??.??"]

1. e4 c5 2. Nf3 d6 3. d4 cxd4 4. Nxd4 Nf6 5. Nc3 a6 6. Bg5 e6 7. f4 Qb6 8. Qd2
Qxb2 9. Rb1 Qa3 10. f5 Nc6 11. fxe6 fxe6 12. Nxc6 bxc6 13. e5 Nd5 14. Nxd5 cxd5
15. Be2 dxe5 16. O-O Bc5+ 17. Kh1 Rf8 18. Rxf8+ Kxf8 19. c4 Bd4 20. Qc2 Kg8 21.
cxd5 Qd6 22. Qc6 Qxc6 23. dxc6 Kf7 24. Bf3 Kg6 25. Be7 Kf5 26. Bd6 h5 27. c7 e4
28. Bxh5 Ba7 29. Be8 e3 30. Bc6 e2 31. Bxa8 1-0

[Event "2.ligaD04/05-6"]
[Site "?"]
[Date "2005.??.??"]
[Round "?"]
[White "Kulovana, Eva"]
[Black "Nepomucky, Ondrej"]
[Result "1-0"]
[WhiteElo "2167"]
[BlackElo "2218"]
[PlyCount "53"]
[EventDate "2005.??.??"]

1. e4 c5 2. Nf3 Nc6 3. d4 cxd4 4. Nxd4 Nf6 5. Nc3 e5 6. Ndb5 d6 7. Bg5 a6 8.
Na3 b5 9. Nd5 Be7 10. Bxf6 Bxf6 11. c3 O-O 12. Nc2 Bg5 13. a4 bxa4 14. Rxa4 a5
15. Bc4 Rb8 16. b3 Kh8 17. O-O g6 18. Qe2 Bh6 19. Rd1 f5 20. Na3 fxe4 21. Nb5
Qh4 22. Ne3 Bxe3 23. Qxe3 Bg4 24. Rxd6 Rf3 25. gxf3 Bxf3 26. Be6 Ne7 27. Qxf3
1-0

[Event "2.ligaD04/05-6"]
[Site "?"]
[Date "2005.??.??"]
[Round "?"]
[White "Cerveny, Martin"]
[Black "Dittrich, Pavel"]
[Result "1-0"]
[WhiteElo "2135"]
[BlackElo "2196"]
[PlyCount "79"]
[EventDate "2005.??.??"]

1. d4 e6 2. c4 Nf6 3. Nf3 d5 4. Nc3 Be7 5. Bg5 O-O 6. e3 h6 7. Bf4 Bd6 8. Bxd6
Qxd6 9. cxd5 exd5 10. Be2 Bf5 11. O-O c6 12. a3 Nbd7 13. b4 Ne4 14. Rc1 Rfe8
15. Qb3 Ndf6 16. Na4 Ng4 17. Qb2 Re7 18. Nc5 Rae8 19. b5 Ngxf2 20. Ne5 f6 21.
Nxe4 Nxe4 22. Rxf5 fxe5 23. bxc6 bxc6 24. dxe5 Rxe5 25. Rxe5 Rxe5 26. Bd3 Re8
27. Qb7 Nc5 28. Qb4 Ne4 29. Qa5 Qd7 30. Qa6 Rc8 31. Bxe4 dxe4 32. Qc4+ Qf7 33.
Qxe4 Rf8 34. Qc4 Qxc4 35. Rxc4 Rf6 36. Rd4 Kf7 37. Rd7+ Kg6 38. Rxa7 Rd6 39.
Kf2 Kf6 40. Kf3 1-0

[Event "2.ligaD04/05-6"]
[Site "?"]
[Date "2005.??.??"]
[Round "?"]
[White "Brychta, David"]
[Black "Mudra, Tomas"]
[Result "1-0"]
[WhiteElo "2128"]
[BlackElo "2075"]
[PlyCount "61"]
[EventDate "2005.??.??"]

1. Nf3 g6 2. g3 Bg7 3. d4 Nf6 4. Bg2 O-O 5. O-O c6 6. c4 d5 7. Nc3 Na6 8. Ne5
dxc4 9. Nxc4 Be6 10. Ne5 Qc8 11. Re1 Rd8 12. Bf4 c5 13. Nb5 Nd5 14. Rc1 Nxf4
15. gxf4 Bd7 16. Qb3 Bxe5 17. dxe5 Bc6 18. Bxc6 bxc6 19. Na3 Rb8 20. Qf3 Rxb2
21. Nc4 Rxa2 22. Ne3 e6 23. Ng4 Kg7 24. Qh3 h5 25. Nf6 Rh8 26. Rcd1 Nc7 27. Rd7
Nd5 28. Qxe6 Qf8 29. Nxd5 cxd5 30. Qf6+ Kg8 31. e6 1-0

[Event "2.ligaD04/05-6"]
[Site "?"]
[Date "2005.??.??"]
[Round "?"]
[White "Tomes, Zdenek"]
[Black "Miculka, Petr"]
[Result "0-1"]
[WhiteElo "2131"]
[BlackElo "2079"]
[PlyCount "118"]
[EventDate "2005.??.??"]

1. e4 c5 2. Nf3 d6 3. d4 cxd4 4. Nxd4 Nf6 5. Nc3 a6 6. Bg5 e6 7. Bd3 Nbd7 8.
Qe2 b5 9. f4 Qb6 10. Nf3 Bb7 11. e5 dxe5 12. fxe5 Nd5 13. Nxd5 Bxd5 14. Be4
Bxe4 15. Qxe4 Rc8 16. O-O-O b4 17. Kb1 h6 18. Bh4 a5 19. Rd2 Nc5 20. Qd4 g5 21.
Bf2 a4 22. h4 Rg8 23. hxg5 hxg5 24. Rhd1 Be7 25. Qc4 g4 26. Nd4 Qb8 27. Qe2 g3
28. Bg1 Rg5 29. Nf3 a3 30. Bxc5 Rxc5 31. Nxg5 Bxg5 32. Rd7 Qxe5 33. Qxe5 Rxe5
34. R7d3 Bh4 35. Rd4 Be7 36. Rg4 Re3 37. bxa3 bxa3 38. c4 f5 39. Rgd4 e5 40.
R4d3 Bg5 41. c5 e4 42. Rd5 Re2 43. Re5+ Kf7 44. Rxf5+ Kg6 45. Rxg5+ Kxg5 46. c6
Rb2+ 47. Kc1 Rb6 48. Rd6 e3 49. Kd1 Rb1+ 50. Ke2 Rb2+ 51. Kxe3 Rxg2 52. Kd3 Rg1
53. Rd5+ Kf4 54. Kd2 g2 55. c7 Rc1 56. Kxc1 g1=Q+ 57. Rd1 Qc5+ 58. Kd2 Qxc7 59.
Rb1 Qa5+ 0-1

[Event "2.ligaD04/05-6"]
[Site "?"]
[Date "2005.??.??"]
[Round "?"]
[White "Kruml, David"]
[Black "Tomes, Pavel"]
[Result "1-0"]
[WhiteElo "2148"]
[BlackElo "2109"]
[PlyCount "59"]
[EventDate "2005.??.??"]

1. c4 Nf6 2. g3 g6 3. Bg2 Bg7 4. Nf3 d6 5. d4 c5 6. dxc5 Qa5+ 7. Nc3 Qxc5 8.
Qb3 Nc6 9. Be3 Qa5 10. Nd4 Nxd4 11. Bxd4 O-O 12. O-O Qh5 13. Bxf6 Bxf6 14. Nd5
Qe5 15. Rad1 Rb8 16. f4 Qxb2 17. Nxe7+ Kg7 18. Nxc8 Rfxc8 19. Rxd6 b5 20. Qxb2
Bxb2 21. cxb5 Rxb5 22. Rd7 Rc2 23. Bd5 Bd4+ 24. Kh1 Rbb2 25. Rxf7+ Kh6 26. g4
g5 27. Be4 gxf4 28. h4 Bg7 29. g5+ Kh5 30. Bxc2 1-0

[Event "2.ligaD04/05-6"]
[Site "?"]
[Date "2005.??.??"]
[Round "?"]
[White "Symersky, Petr"]
[Black "Senkyr, Vladimir"]
[Result "0-1"]
[WhiteElo "2091"]
[BlackElo "2149"]
[PlyCount "100"]
[EventDate "2005.??.??"]

{96MB, HOME-LZ1QVMPENS} 1. Nf3 d5 2. d4 e6 3. g3 f5 4. Bg2 Nf6 5. O-O Bd6 6. b3
O-O 7. c4 c6 8. Bb2 Bd7 9. Nc3 Be8 10. e3 Bh5 11. Ne2 Bxf3 12. Bxf3 Qe7 13. Bg2
g5 14. f4 Nbd7 15. c5 Bc7 16. b4 a5 17. a3 b5 18. Bc3 a4 19. Bd2 Ne4 20. Nc3
gxf4 21. gxf4 Kh8 22. Nxe4 dxe4 23. Bc3 Kg8 24. Rf2 Nf6 25. Bf1 Nd5 26. Rg2+
Kh8 27. Qe1 Rg8 28. Raa2 Rg6 29. Rae2 Rag8 30. Bb2 Bd8 31. Bc1 Qg7 32. Qd1 Qh6
33. Qe1 Bh4 34. Qd2 Qh5 35. Rxg6 hxg6 36. Rg2 g5 37. Be2 Qh6 38. Bf1 Rg6 39.
Kh1 Rg7 40. Bb2 Kg8 41. Bc1 gxf4 42. exf4 Rxg2 43. Bxg2 Qh5 44. Qc2 Bg3 45. Bf1
Bxf4 46. Bxf4 Nxf4 47. Qf2 Qg4 48. Qg3 Kf8 49. Qxg4 fxg4 50. Kg1 e3 0-1

[Event "2.ligaD04/05-6"]
[Site "?"]
[Date "2005.??.??"]
[Round "?"]
[White "Belousek, Michal"]
[Black "Lastovicka, Jiri"]
[Result "0-1"]
[WhiteElo "2146"]
[BlackElo "2110"]
[PlyCount "55"]
[EventDate "2005.??.??"]

{96MB, HOME-LZ1QVMPENS} 1. d4 d5 2. Nf3 e6 3. c4 f5 4. Nc3 Nf6 5. g3 c6 6. Bf4
Be7 7. Ne5 O-O 8. Bg2 Nbd7 9. O-O Ne4 10. Nxd7 Bxd7 11. Qd3 g5 12. Be5 Bf6 13.
f3 Bxe5 14. dxe5 dxc4 15. Qe3 Nxc3 16. Qxc3 Qb6+ 17. Kh1 Rad8 18. f4 Bc8 19.
fxg5 Qd4 20. Rf4 Qd2 21. Bf3 b5 22. Bxc6 Qxe2 23. Bf3 Qf2 24. Bc6 Qc5 25. Bg2
Rd3 26. Qa5 Qxe5 27. Qxa7 Qxb2 28. Raf1 0-1

[Event "2.ligaD04/05-6"]
[Site "?"]
[Date "2005.??.??"]
[Round "?"]
[White "Sochna, Dusan"]
[Black "Jelinek, Vaclav"]
[Result "1/2-1/2"]
[WhiteElo "2190"]
[BlackElo "2131"]
[PlyCount "149"]
[EventDate "2005.??.??"]

{96MB, HOME-LZ1QVMPENS} 1. e4 g6 2. d4 Bg7 3. Nf3 d6 4. Nc3 Nf6 5. h3 O-O 6.
Be3 c6 7. a4 Na6 8. a5 b5 9. axb6 axb6 10. Bd3 Bb7 11. Na2 c5 12. d5 Nc7 13.
Nc3 b5 14. Nd2 c4 15. Be2 Nd7 16. O-O Nc5 17. Qb1 e6 18. dxe6 fxe6 19. f3 Qe7
20. Rxa8 Rxa8 21. Qe1 b4 22. Nd1 d5 23. Qf2 Na4 24. exd5 exd5 25. b3 Nc3 26.
Re1 Re8 27. Nxc3 bxc3 28. Nf1 cxb3 29. cxb3 Qb4 30. Bd3 Bc6 31. Bc2 d4 32. Bc1
Rxe1 33. Qxe1 Bd5 34. Qh4 Qf8 35. Qg3 Ne6 36. Nh2 Nc5 37. Ng4 d3 38. Bd1 d2 39.
Ba3 Bd4+ 40. Kh2 h5 41. Ne5 Qd6 42. Bxc5 Bxc5 43. Qxg6+ Qxg6 44. Nxg6 Be6 45.
g4 Bd7 46. Kg2 Bb5 47. Nf4 h4 48. Nd5 Bd4 49. Nb4 Kf7 50. f4 Bc5 51. Na2 Bc6+
52. Kf1 Bd4 53. Nb4 Bb5+ 54. Kg2 Ke6 55. Kf3 Bf1 56. Ke4 Bg7 57. f5+ Kd6 58. g5
Bg2+ 59. Kf4 Bxh3 60. f6 Bf8 61. Na2 Ke6 62. Nxc3 Bd6+ 63. Kf3 Bf5 64. Ne4 Bb4
65. Kf4 h3 66. Nf2 Bd6+ 67. Kf3 h2 68. Ke3 Bc5+ 69. Kxd2 Bxf2 70. Bf3 Bh4 71.
f7 Kxf7 72. Ke3 Bxg5+ 73. Kf2 Bf4 74. Kg2 Ke6 75. Kh1 1/2-1/2

[Event "2.ligaD04/05-6"]
[Site "?"]
[Date "2005.??.??"]
[Round "?"]
[White "Pochyly, Jan"]
[Black "Kalendovsky, Jan"]
[Result "1-0"]
[WhiteElo "2022"]
[BlackElo "2123"]
[PlyCount "83"]
[EventDate "2005.??.??"]

{96MB, HOME-LZ1QVMPENS} 1. e4 d6 2. d4 Nf6 3. Nc3 g6 4. f4 Bg7 5. Nf3 O-O 6.
Be2 c5 7. dxc5 Qa5 8. O-O Qxc5+ 9. Kh1 a6 10. Nd2 b5 11. Nb3 Qc7 12. Bf3 Bb7
13. e5 dxe5 14. fxe5 Rd8 15. Qxd8+ Qxd8 16. Bxb7 Ra7 17. exf6 Bxf6 18. Bf3 Rd7
19. a3 Qc7 20. Nd5 Qxc2 21. Nxf6+ exf6 22. Bh6 Qxb3 23. Rfe1 Rd8 24. Rad1 Rxd1
25. Bxd1 Qe6 26. Rxe6 fxe6 27. Bd2 Kf7 28. Kg1 Ke7 29. Bb4+ Kd7 30. Kf2 Nc6 31.
Ke3 Ne5 32. Be2 Nc6 33. Bf3 Ne5 34. b3 f5 35. Bc3 Nf7 36. Bb7 e5 37. Bd5 Nh6
38. Bxe5 Ng4+ 39. Kd4 g5 40. h3 Nf2 41. Ke3 Nh1 42. g3 1-0

[Event "2.ligaD04/05-6"]
[Site "?"]
[Date "2005.??.??"]
[Round "?"]
[White "Vrtal, Jaroslav"]
[Black "Strnad, Josef"]
[Result "1/2-1/2"]
[WhiteElo "2143"]
[BlackElo "2065"]
[PlyCount "129"]
[EventDate "2005.??.??"]

{96MB, HOME-LZ1QVMPENS} 1. Nf3 e6 2. g3 Nf6 3. Bg2 d5 4. O-O g6 5. b3 Bg7 6.
Bb2 O-O 7. c4 c6 8. d4 Nbd7 9. Nbd2 b6 10. Re1 Bb7 11. b4 c5 12. dxc5 bxc5 13.
b5 Qc7 14. a4 Rad8 15. Qc2 Rfe8 16. Rad1 e5 17. cxd5 Nxd5 18. Ba3 e4 19. Nxe4
Ne3 20. fxe3 Bxe4 21. Qa2 Nf6 22. Qc4 Bf8 23. Bb2 Bg7 24. Rc1 Rc8 25. Bh3 Bd5
26. Qh4 Nd7 27. Bxg7 Kxg7 28. Qf4 f5 29. Bg2 Qb7 30. Rcd1 Nf6 31. Nh4 Bxg2 32.
Nxg2 Qe4 33. Rc1 Qxf4 34. exf4 Re4 35. Ra1 c4 36. h3 Kf7 37. Kf2 Nd5 38. Rec1
Ke6 39. Ne1 Rc7 40. Nf3 h6 41. h4 c3 42. Ne5 g5 43. hxg5 hxg5 44. Nf3 Kf6 45.
Nxg5 Rb4 46. Nf3 Rcc4 47. a5 Rxb5 48. Ne5 Rc7 49. Nd3 Rh7 50. Kf3 Re7 51. Rc2
a6 52. Ra3 Rc7 53. e4 fxe4+ 54. Kxe4 Ke6 55. g4 Nf6+ 56. Kf3 Nd5 57. f5+ Kf6
58. Nf4 Nxf4 59. Kxf4 Rcc5 60. Ra1 Rb4+ 61. Kf3 Kg5 62. Rg1 Rxa5 63. Rxc3 Rf4+
64. Ke3 Re5+ 65. Kd3 1/2-1/2

[Event "2.ligaD04/05-6"]
[Site "?"]
[Date "2005.??.??"]
[Round "?"]
[White "Sedlacek, Mojmir"]
[Black "Klenner, Richard"]
[Result "0-1"]
[WhiteElo "1977"]
[BlackElo "1967"]
[PlyCount "64"]
[EventDate "2005.??.??"]

{96MB, HOME-LZ1QVMPENS} 1. d4 Nf6 2. Nc3 d5 3. Bg5 e6 4. e4 dxe4 5. Nxe4 Be7 6.
Bxf6 Bxf6 7. Nf3 O-O 8. c3 Qe7 9. Bd3 Nd7 10. Qe2 a6 11. h4 e5 12. Nxf6+ Qxf6
13. dxe5 Nxe5 14. Qxe5 Qxe5+ 15. Nxe5 Re8 16. f4 f6 17. Bc4+ Be6 18. O-O-O fxe5
19. Bxe6+ Rxe6 20. fxe5 Rxe5 21. Rd7 Re2 22. Rxc7 b5 23. g4 h6 24. Rd7 Rg2 25.
Rd4 Rf8 26. Rhd1 Rff2 27. Rb4 Kh7 28. a3 Re2 29. Kb1 Re5 30. Rdd4 a5 31. Rb3 a4
32. Rbb4 Re1+ 0-1

[Event "2.ligaD04/05-6"]
[Site "?"]
[Date "????.??.??"]
[Round "?"]
[White "Vratislavsky, Ivo"]
[Black "Widerlechner, Jiri"]
[Result "1-0"]
[WhiteElo "1825"]
[BlackElo "1938"]
[PlyCount "41"]
[EventDate "2005.??.??"]

{96MB, HOME-LZ1QVMPENS} 1. f4 d5 2. Nf3 g6 3. e3 Bg7 4. d4 Bg4 5. Be2 Bxf3 6.
Bxf3 f5 7. c4 c6 8. Qb3 Nf6 9. Qxb7 Nbd7 10. Qxc6 Rc8 11. Qa6 Rxc4 12. Nc3 Qb6
13. Qxb6 Nxb6 14. Bd2 O-O 15. O-O Rfc8 16. Rac1 Bf8 17. Be2 R4c7 18. b3 e6 19.
Ba6 Ba3 20. Bxc8 Bxc1 21. Bxe6+ 1-0

[Event "2.ligaD04/05-6"]
[Site "?"]
[Date "2005.01.16"]
[Round "6"]
[White "Riska, Lubomir"]
[Black "Piza, Vlastimil"]
[Result "1/2-1/2"]
[WhiteElo "2207"]
[BlackElo "2298"]
[PlyCount "80"]
[EventDate "2005.??.??"]

1. Nf3 Nf6 2. c4 g6 3. Nc3 Bg7 4. e4 d6 5. d4 O-O 6. Be2 Na6 7. O-O c5 8. d5 e6
9. h3 exd5 10. exd5 Nc7 11. a4 b6 12. Re1 a6 13. Ra3 Rb8 14. Bf4 Nh5 15. Bg5 f6
16. Bd2 f5 17. Ng5 Nf6 18. Bf3 Re8 19. Rxe8+ Nfxe8 20. Qe2 Qf6 21. Nd1 h6 22.
Ne6 Nxe6 23. dxe6 Bxe6 24. Re3 Nc7 25. a5 b5 26. Bc3 Qf7 27. Bxg7 Kxg7 28. Bd5
Re8 29. Bxe6 Rxe6 30. Rxe6 Nxe6 31. cxb5 Nd4 32. Qd3 Nxb5 33. Nc3 Qb3 34. Qe2
Nxc3 35. bxc3 Qb7 36. Qe6 Qc7 37. c4 h5 38. h4 Qd8 39. g3 Qf6 40. Qd7+ Qf7
1/2-1/2

[Event "2.ligaD04/05-6"]
[Site "?"]
[Date "2005.01.16"]
[Round "6"]
[White "Brychta, Jan"]
[Black "Skaroupka, Jiri"]
[Result "0-1"]
[WhiteElo "2202"]
[BlackElo "2136"]
[PlyCount "48"]
[EventDate "2005.??.??"]

1. Nf3 d5 2. g3 c6 3. Bg2 Bg4 4. h3 Bh5 5. O-O e6 6. c4 Nf6 7. b3 Bc5 8. Bb2
Nbd7 9. d4 Bb6 10. Nc3 O-O 11. Rc1 Ne4 12. Nxe4 dxe4 13. Nd2 e3 14. fxe3 Qg5
15. Kf2 Bc7 16. Ne4 Qg6 17. Ba3 f5 18. Nd6 e5 19. dxe5 Nxe5 20. c5 Rad8 21. Qd4
Nf7 22. Kg1 Qxg3 23. Rxf5 Ng5 24. Qc4+ Kh8 0-1

[Event "2.ligaD04/05-6"]
[Site "?"]
[Date "2005.01.16"]
[Round "6"]
[White "Molik, Zdenek"]
[Black "Svanda, Pavel"]
[Result "1/2-1/2"]
[WhiteElo "2203"]
[BlackElo "2244"]
[PlyCount "42"]
[EventDate "2005.??.??"]

1. e4 c5 2. Nf3 d6 3. Bb5+ Bd7 4. Bxd7+ Qxd7 5. c4 Nf6 6. d3 Nc6 7. O-O g6 8.
Nc3 Bg7 9. Bg5 O-O 10. Qd2 e6 11. Rad1 Ng4 12. h3 Nge5 13. Nxe5 dxe5 14. Bh6
Bxh6 15. Qxh6 Rad8 16. f4 exf4 17. Qxf4 Qd4+ 18. Kh1 Qe5 19. Qf2 Rd7 20. Rd2
Qg5 21. e5 Qxe5 1/2-1/2

[Event "2.ligaD04/05-6"]
[Site "?"]
[Date "2005.01.16"]
[Round "6"]
[White "Zigo, Viktor"]
[Black "Vlk, Miroslav"]
[Result "1/2-1/2"]
[WhiteElo "2302"]
[BlackElo "2115"]
[PlyCount "98"]
[EventDate "2005.??.??"]

1. e4 e6 2. d3 d5 3. Nd2 Nf6 4. Ngf3 c5 5. g3 Nc6 6. Bg2 Be7 7. O-O Qc7 8. Re1
O-O 9. e5 Nd7 10. Qe2 b5 11. h4 a5 12. Nf1 Ba6 13. Bg5 Rfc8 14. Bxe7 Nxe7 15.
h5 b4 16. h6 g6 17. Ng5 Bb7 18. Nh2 Nf5 19. Ng4 Qd8 20. Qd2 c4 21. Kh2 Qe7 22.
dxc4 Rxc4 23. f4 Rac8 24. Rac1 Qd8 25. Bf1 R4c5 26. Bd3 Bc6 27. c4 bxc3 28.
Rxc3 Rxc3 29. Qxc3 Bb5 30. Bxb5 Rxc3 31. bxc3 Nc5 32. Rb1 Ne4 33. Nxe4 dxe4 34.
Nf6+ Kf8 35. Bd7 Nxh6 36. Rb7 Nf5 37. Nxh7+ Kg7 38. Nf6 Qh8+ 39. Kg2 Qa8 40.
Bc6 Qc8 41. Rc7 Qb8 42. Rb7 Qd8 43. Bxe4 Qd2+ 44. Kh3 Qxc3 45. Bxf5 gxf5 46.
Rb8 Qf3 47. Rg8+ Kh6 48. Rh8+ Kg7 49. Rg8+ Kh6 1/2-1/2

[Event "2.ligaD04/05-6"]
[Site "?"]
[Date "2005.01.16"]
[Round "6"]
[White "Dobes, Oldrich"]
[Black "Sedlacek, Oldrich"]
[Result "1/2-1/2"]
[WhiteElo "2066"]
[BlackElo "2248"]
[PlyCount "81"]
[EventDate "2005.??.??"]

1. e4 c6 2. d4 d5 3. Nd2 dxe4 4. Nxe4 Nf6 5. Ng3 h5 6. h4 Bg4 7. N1e2 Nbd7 8.
f3 Bf5 9. Nf4 Bh7 10. Bc4 e5 11. dxe5 Nxe5 12. Qxd8+ Rxd8 13. Bb3 Bb4+ 14. Ke2
O-O 15. Be3 Rfe8 16. Rhd1 Ba5 17. Rxd8 Bxd8 18. Rh1 Ng6 19. Nxg6 Bb6 20. Nf1
Bxg6 21. Kf2 Rd8 22. Bxb6 axb6 23. Ne3 Rd2+ 24. Ke1 Rd4 25. Ke2 b5 26. g3 c5
27. c3 Bd3+ 28. Kf2 Rd7 29. Rd1 c4 30. Bc2 Kf8 31. Bxd3 cxd3 32. Nf5 b4 33. Nd4
bxc3 34. bxc3 Nd5 35. Rxd3 g6 36. Nb3 b5 37. Nc5 Rd8 38. Nb7 Rd7 39. Nc5 Rd8
40. Nb7 Rd7 41. Nc5 1/2-1/2

[Event "2.ligaD04/05-6"]
[Site "?"]
[Date "2005.01.16"]
[Round "6"]
[White "Kozlicek, Lubomir"]
[Black "Docekal, Jan"]
[Result "1/2-1/2"]
[WhiteElo "2158"]
[BlackElo "2120"]
[PlyCount "90"]
[EventDate "2005.??.??"]

1. e4 d6 2. d4 Nf6 3. Nc3 g6 4. f4 Bg7 5. Nf3 O-O 6. e5 Nfd7 7. h4 c5 8. e6
fxe6 9. h5 cxd4 10. Nxd4 Nf6 11. hxg6 Nc6 12. Nf3 Qb6 13. gxh7+ Kf7 14. Bd3 Ke8
15. Qe2 Bd7 16. Bd2 Kd8 17. O-O-O Nb4 18. Ng5 Nfd5 19. Bc4 Rc8 20. h8=Q Rxh8
21. Rxh8+ Bxh8 22. Nf7+ Kc7 23. Nxh8 Rxh8 24. Bxd5 exd5 25. Qxe7 d4 26. Ne4
Nxa2+ 27. Kb1 Re8 28. Qxd6+ Qxd6 29. Nxd6 Kxd6 30. Kxa2 Re2 31. Bb4+ Kc6 32.
Rxd4 Rxg2 33. c4 Rg3 34. Bd6 Bh3 35. b4 b5 36. c5 Be6+ 37. Kb2 Bf5 38. Rd2 Be6
39. f5 Rb3+ 40. Kc2 Bc4 41. Rh2 Rf3 42. Rh7 a6 43. Ra7 Kd5 44. Rxa6 Kd4 45. c6
Rf2+ 1/2-1/2

[Event "2.ligaD04/05-6"]
[Site "?"]
[Date "2005.01.16"]
[Round "6"]
[White "Mlensky, Dalibor"]
[Black "Novotny, Bohuslav"]
[Result "1/2-1/2"]
[WhiteElo "2093"]
[BlackElo "2033"]
[PlyCount "27"]
[EventDate "2005.??.??"]

1. e4 e5 2. f4 exf4 3. Nf3 d5 4. exd5 Nf6 5. Nc3 Nxd5 6. Nxd5 Qxd5 7. d4 Bd6 8.
c4 Qe6+ 9. Be2 c5 10. d5 Qf6 11. O-O O-O 12. Ne1 Re8 13. Nd3 Bf5 14. Nxf4
1/2-1/2

[Event "2.ligaD04/05-6"]
[Site "?"]
[Date "2005.01.16"]
[Round "6"]
[White "Bina, Josef"]
[Black "Fojtik, Tomas"]
[Result "1/2-1/2"]
[WhiteElo "2054"]
[BlackElo "2062"]
[PlyCount "58"]
[EventDate "2005.??.??"]

1. e4 e6 2. d4 d5 3. Nd2 dxe4 4. Nxe4 Nd7 5. Nf3 Ngf6 6. Nxf6+ Nxf6 7. Bd3 Be7
8. O-O O-O 9. Ne5 c5 10. dxc5 Bxc5 11. Bg5 Be7 12. Qe2 Qc7 13. Rfe1 Bd7 14.
Rad1 Bc6 15. Nxc6 Qxc6 16. c3 Rad8 17. Qc2 g6 18. h4 Qc7 19. Bxf6 Bxf6 20. h5
Bg7 21. hxg6 hxg6 22. Be4 b6 23. Bf3 Bf6 24. Rxd8 Rxd8 25. Rd1 Kg7 26. g3 Rd6
27. Rxd6 Qxd6 28. Qd1 Qxd1+ 29. Bxd1 Be5 1/2-1/2

[Event "2.ligaD04/05-6"]
[Site "?"]
[Date "2005.01.16"]
[Round "6.1"]
[White "Spodny, Josef"]
[Black "Cely, Jaroslav"]
[Result "1/2-1/2"]
[WhiteElo "2151"]
[BlackElo "2181"]
[PlyCount "22"]
[EventDate "2005.??.??"]

{192MB, Fritz8.ctg, HOME-2ZGNFSPZPY} 1. e4 e5 2. Nf3 Nc6 3. Bb5 a6 4. Ba4 d6 5.
c3 f5 6. exf5 Bxf5 7. O-O Bd3 8. Re1 Be7 9. Re3 e4 10. Ne1 Bg5 11. Rg3 Bh4
1/2-1/2

[Event "2.ligaD04/05-6"]
[Site "?"]
[Date "2005.01.16"]
[Round "6.2"]
[White "Mares, Jaroslav"]
[Black "Vecera, Pavel"]
[Result "1/2-1/2"]
[WhiteElo "2126"]
[BlackElo "2175"]
[PlyCount "50"]
[EventDate "2005.??.??"]

{192MB, Fritz8.ctg, HOME-2ZGNFSPZPY} 1. c4 Nf6 2. g3 g6 3. Bg2 Bg7 4. Nc3 O-O
5. e4 d6 6. Nge2 e5 7. O-O Be6 8. d3 c6 9. h3 d5 10. b3 Qd7 11. Kh2 dxc4 12.
dxc4 Rd8 13. Be3 Na6 14. a3 Nh5 15. Qc2 Qe7 16. Na4 f5 17. Nb2 Qf6 18. Nd3 Rd7
19. Rad1 Rad8 20. f4 exf4 21. Ndxf4 Nxf4 22. Nxf4 Bf7 23. Rxd7 Rxd7 24. exf5
Qxf5 25. Qc1 Qe5 1/2-1/2

[Event "2.ligaD04/05-6"]
[Site "?"]
[Date "2005.01.16"]
[Round "6.3"]
[White "Siebenburger, Vlastimil"]
[Black "Cap, Martin"]
[Result "1/2-1/2"]
[WhiteElo "2196"]
[BlackElo "2059"]
[PlyCount "57"]
[EventDate "2005.??.??"]

{192MB, Fritz8.ctg, HOME-2ZGNFSPZPY} 1. e4 d6 2. d4 Nf6 3. Nc3 g6 4. Bg5 Nbd7
5. f4 Nb6 6. Nf3 Bg7 7. e5 Nfd5 8. Bd3 h6 9. Nxd5 Nxd5 10. c4 hxg5 11. cxd5
dxe5 12. Qa4+ Bd7 13. Qc2 exf4 14. Nxg5 Bf6 15. Nf3 Bg4 16. O-O-O Qxd5 17. Be4
Qxa2 18. Bxb7 Qa1+ 19. Kd2 Qa5+ 20. Kc1 Rd8 21. Bc6+ Bd7 22. h4 Bxc6 23. Qxc6+
Kf8 24. h5 Rd6 25. Qe4 Rb6 26. Ne5 Qa1+ 27. Qb1 Qxb1+ 28. Kxb1 Bxe5 29. dxe5
1/2-1/2